Top 100 des plus grandes villes de l’Australie - Statistiques

Statistiques générales
  • Ce quiz a été pris 42 fois
  • Le résultat moyen est 10 sur 100
Statistiques - réponses
Population Villes % Correct
5 207 145 Melbourne
97%
2 309 338 Perth
97%
5 450 496 Sydney
97%
1 446 380 Adélaide
91%
2 360 241 Brisbane
91%
456 844 Canberra
85%
682 488 Gold Coast
52%
253 654 Hobart
52%
265 366 Cairns
45%
305 115 Newcastle
33%
243 798 Townsville
24%
341 934 Geelong
21%
29 373 Albany
12%
178 818 Ballarat
12%
8 297 Ararat
9%
30 841 Kalgoorlie
9%
189 643 Mackay
9%
170 792 Toowoomba
9%
202 044 Bunbury
6%
29 906 Dandenong
6%
23 046 Devonport
6%
36 097 Frankston
6%
163 000 Ipswich
6%
155 894 Launceston
6%
7 837 Mandurah
6%
38 097 Orange
6%
44 830 Port Macquarie
6%
128 245 Warrnambool
6%
170 869 Bendigo
3%
25 329 Busselton
3%
149 043 Coffs Harbour
3%
6 681 Cooma
3%
10 408 Grafton
3%
10 803 Gympie
3%
324 178 Hervey Bay
3%
8 778 Moe
3%
7 942 Mooroopna
3%
6 562 Port Augusta
3%
9 712 Portland
3%
521 077 Queanbeyan
3%
138 184 Shepparton
3%
24 933 Traralgon
3%
8 176 Tweed Heads
3%
18 948 Wodonga
3%
28 967 Armidale
0%
7 331 Atherton
0%
14 539 Australind
0%
8 738 Ayr
0%
6 394 Bacchus Marsh
0%
7 580 Bairnsdale
0%
6 395 Beaudesert
0%
12 566 Campbeltown
0%
6 757 Castlemaine
0%
15 177 Cessnock
0%
7 587 Collie
0%
6 782 Cootamundra
0%
7 862 Deniliquin
0%
14 043 Echuca
0%
8 421 Emu Plains
0%
13 740 Forster
0%
8 999 Gisborne
0%
6 155 Glen Innes
0%
2 021 203 Greater Perth
0%
9 726 Gunnedah
0%
14 543 Horsham
0%
11 660 Inverell
0%
9 508 Jerrabomberra
0%
6 817 Kialla
0%
6 881 Kiama
0%
10 020 Kingaroy
0%
10 409 Kingston
0%
6 951 Kyneton
0%
16 355 Lara
0%
6 407 Lennox Head
0%
7 654 Margaret River
0%
7 921 Maryborough
0%
10 964 Merewether
0%
17 888 Mount Eliza
0%
25 512 Mount Gambier
0%
10 923 Mudgee
0%
11 187 Nambour
0%
6 327 Nambucca Heads
0%
18 573 Narangba
0%
7 606 Narrabri
0%
16 864 Nerang
0%
6 763 Newborough
0%
7 238 Newman
0%
12 820 Raymond Terrace
0%
8 416 Rye
0%
7 225 Sanctuary Point
0%
10 920 South Melbourne
0%
31 908 Southport
0%
6 197 South Wentworthville
0%
8 475 Springwood
0%
36 084 Sunbury
0%
6 196 Tweed Heads West
0%
15 278 Ulladulla
0%
14 109 Ulverstone
0%
6 076 Yamba
0%
10 295 Young
0%
Aucun quiz correspondant
Distribution des résultats
% des personnes avec chaque résultat
Percentile par nombre de réponses
Votre historique - résultats
Vous n’avez pas pris ce quiz